Жизнь и смерть в средние века: очерки демографической истории Франции

Dades bibliogràfiques
Autor principal: Бессмертный Ю. Л. Юрий Львович
Autor corporatiu: Академия наук СССР (АН СССР) Институт всеобщей истории (ИВИ)
Sumari:Рез.: англ.
Idioma:rus
Publicat: Москва, Наука, 1991
Matèries:
Format: MixedMaterials Llibre
KOHA link:https://koha.lib.tpu.ru/cgi-bin/koha/opac-detail.pl?biblionumber=159328

MARC

LEADER 00000nam0a2200000 4500
001 159328
005 20231031155015.0
010 |a 5020090522 
020 |a RU  |b 91-50823 
035 |a (RuTPU)RU\TPU\book\172799 
090 |a 159328 
100 |a 20090507d1991 u a0rusy5003 ca 
101 0 |a rus 
102 |a RU 
105 |a a z 001zy 
200 1 |a Жизнь и смерть в средние века  |e очерки демографической истории Франции  |f Ю. Л. Бессмертный  |g Академия наук СССР (АН СССР), Институт всеобщей истории (ИВИ) 
210 |a Москва  |c Наука  |d 1991 
215 |a 235,[4] с., [18] л. ил.  |c ил.  |d 21 см 
300 |a Рез.: англ. 
320 |a Библиогр. в примеч. в конце глав 
610 1 |a население 
610 1 |a семья 
610 1 |a Франция 
610 1 |a брак 
610 1 |a история 
686 |a С73(4Фр)  |2 rubbk 
686 |a Т3(4Фр)  |2 rubbk 
700 1 |a Бессмертный  |b Ю. Л.  |g Юрий Львович  |4 070 
712 0 2 |a Академия наук СССР (АН СССР)  |b Институт всеобщей истории (ИВИ)  |c (1968-1991)  |c (Москва)  |2 stltpush  |3 (RuTPU)RU\TPU\col\11350 
801 0 |a RU  |b RuMRKP  |c 19950417  |g psbo 
801 1 |a RU  |b 63413507  |c 20090507  |g PSBO 
801 2 |a RU  |b 63413507  |c 20090518  |g PSBO 
942 |c BK